Pays et capitales du monde par ordre alphabétique - Statistiques

Statistiques générales
  • Ce quiz a été pris 123 fois
    116 depuis la dernière actualisation
  • Le résultat moyen est 128 sur 392
Statistiques - réponses
Hint Réponse % Correct
Afrique Accra
69%
Afrique Abuja
63%
Afrique Addis-Abeba
63%
Asie Afghanistan
63%
Europe Albanie
63%
Afrique Alger
63%
Europe Andorre
63%
Océanie Apia
63%
Afrique Afrique du Sud
56%
Europe Athènes
56%
Océanie Australie
56%
Asie Azerbaijan
56%
Europe Vienne
56%
Amerique du Nord Washington
56%
Europe Zagreb
56%
Asie Abou Dhabi
50%
Asie Achgabat
50%
Afrique Algerie
50%
Europe Allemagne
50%
Asie Amman
50%
Europe Amsterdam
50%
Asie Ankara
50%
Afrique Antananarivo
50%
Amerique du Nord Antigua-et-Barbuda
50%
Asie Armenie
50%
Afrique Bamako
50%
Amerique Du Sud Brasilia
50%
Ameriquedu Sud Uruguay
50%
Europe Vaduz
50%
Europe Varsovie
50%
Europe Vatican
50%
Europe (sa capitale) Vatican
50%
Ameriquedu Sud Venezuela
50%
Europe Vilnius
50%
Océanie Wellington
50%
Afrique Yamoussoukro
50%
Afrique Yaoundé
50%
Océanie Yaren
50%
Asie Yémen
50%
Afrique Zambie
50%
Afrique Zimbabwe
50%
Europe (sa capitale) Andorre-la-VieIlle
44%
Afrique Angola
44%
Ameriquedu Sud Argentine
44%
AmeriqueDu Sud Asuncion
44%
Europe Autriche
44%
Afrique Bangui
44%
Ameriquedu Nord Belmopan
44%
AmeriqueDu Sud Bogota
44%
Europe Bratislava
44%
Europe Bucarest
44%
Europe Budapest
44%
AmeriqueDu Sud Buenos Aires
44%
Afrique Conakry
44%
Océanie Fidji
44%
Europe Finlande
44%
Europe France
44%
Afrique Freetown
44%
Océanie Funafuti
44%
Afrique Gambie
44%
Amerique du Nord Haïti
44%
Europe Helsinki
44%
Amerique du Nord Honduras
44%
Europe Kiev
44%
Afrique Kinshasa
44%
Europe Kosovo
44%
Asie (sa capitale) Koweït
44%
Europe (sa capitale) Luxembourg
44%
Ameriquedu Nord Ottawa
44%
Afrique Ouganda
44%
Asie Qatar
44%
AmeriqueDu Sud Quito
44%
Europe Ukraine
44%
Océanie Vanuatu
44%
Asie Vientiane
44%
Asie Viêt Nam
44%
Afrique Windhoek
44%
Afrique Asmara
38%
Asie Astana
38%
Asie Bagdad
38%
Amerique du Nord Bahamas
38%
Asie Bakou
38%
Asie Bangkok
38%
Afrique Banjul
38%
Europe Belgique
38%
Europe Belgrade
38%
Afrique Bénin
38%
Europe Berlin
38%
Europe Bern
38%
Afrique Bissau
38%
Ameriquedu Sud Bolivie
38%
Afrique Brazzaville
38%
Ameriquedu Sud Brésil
38%
Ameriquedu Nord Bridgetown
38%
Europe Bruxelles
38%
Europe Bulgarie
38%
Afrique Burkina Faso
38%
Asie Cambodge
38%
Amerique du Nord Canada
38%
Océanie Canberra
38%
AmeriqueDu Sud Caracas
38%
Ameriquedu Sud Colombie
38%
Europe Copenhague
38%
Europe Croatie
38%
Afrique Dakar
38%
Asie Dili
38%
Afrique (sa capitale) Djibouti
38%
Afrique Dodoma
38%
Asie Douchanbé
38%
Asie Erevan
38%
AmeriqueDu Sud Georgetown
38%
Afrique Ghana
38%
Afrique Gitega
38%
Amerique du Nord (sa capitale) Guatemala
38%
Europe Hongrie
38%
Asie Inde
38%
Asie Indonésie
38%
Europe Irlande
38%
Asie Islamabad
38%
Europe Islande
38%
Europe Italie
38%
Asie Jakarta
38%
Amerique du Nord Jamaïque
38%
Asie Japon
38%
Asie Jérusalem
38%
Asie Jordanie
38%
Afrique Kampala
38%
Asie Katmandou
38%
Asie Kazakhstan
38%
Afrique Kenya
38%
Afrique Kigali
38%
Ameriquedu Nord Kingston
38%
Ameriquedu Nord Kingstown
38%
Océanie Kiribati
38%
Asie Koweït
38%
Asie Kuala Lumpur
38%
Europe Luxembourg
38%
Europe Madrid
38%
Océanie Majuro
38%
Afrique Mali
38%
Europe (sa capitale) Monaco
38%
Afrique Nairobi
38%
Ameriquedu Nord Nassau
38%
Asie Oman
38%
Europe Oslo
38%
Afrique Ouagadougou
38%
Asie Ouzbékistan
38%
Asie Pakistan
38%
Ameriquedu Nord Panama
38%
Amerique du Nord Saint Christophe et Niévès
38%
Europe (sa capitale) Saint-Marin
38%
Europe Saint-Marin
38%
Afrique (son pays) Sao Tomé-et-Principe
38%
Afrique Soudan
38%
Afrique Soudan du Sud
38%
Océanie Suva
38%
Asie Arabie Saoudite
31%
Asie Bahreïn
31%
Asie Bandar Seri Begawan
31%
Asie Bangladesh
31%
Ameriquedu Nord Basseterre
31%
Amerique du Nord Belize
31%
Asie Beyrouth
31%
Asie Bhoutan
31%
Asie Bichkek
31%
Europe Bosnie-Herzégovine
31%
Afrique Botswana
31%
Afrique Burundi
31%
Afrique Cameroun
31%
Afrique Cap-Vert
31%
Ameriquedu Nord Castries
31%
Ameriquedu Sud Chili
31%
Asie Chine
31%
Europe Chisinau
31%
Europe Chypre
31%
Afrique Comores
31%
Asie Corée du Nord
31%
Asie Corée du Sud
31%
Amerique du Nord Costa Rica
31%
Afrique Côte d'Ivoire
31%
Amerique du Nord Cuba
31%
Asie Dacca
31%
Asie Damas
31%
Europe Danemark
31%
Afrique Djibouti
31%
Afrique Djouba
31%
Asie Doha
31%
Europe Dublin
31%
Afrique Égypte
31%
Asie Émirats Arabes Unis
31%
Ameriquedu Sud Équateur
31%
Europe Espagne
31%
Europe Estonie
31%
Afrique Eswatini
31%
Amerique du Nord Etats-Unis
31%
Afrique Éthiopie
31%
Afrique Gabon
31%
Afrique Gaborone
31%
Europe Grèce
31%
Amerique du Nord Grenade
31%
Ameriquedu Nord Guatemala
31%
Afrique Guinée
31%
Afrique Guinée Bissau
31%
Afrique Guinée Équatoriale
31%
Ameriquedu Sud Guyana
31%
Asie Hanoi
31%
Océanie Honiara
31%
Asie Irak
31%
Asie Iran
31%
Asie Kaboul
31%
Afrique Khartoum
31%
Asie Kirghizistan
31%
Europe La Valette
31%
Asie Liban
31%
Afrique Liberia
31%
Afrique Libye
31%
Afrique Lomé
31%
Afrique Madagascar
31%
Océanie Marshall
31%
Afrique Maseru
31%
Ameriquedu Nord Mexico
31%
Amerique du Nord Mexique
31%
Europe Monaco
31%
Afrique Namibie
31%
Asie Oulan-Bator
31%
Océanie Palaos
31%
Amerique du Nord (sa capitale) Panama
31%
Europe Paris
31%
Ameriquedu Nord Port au Prince
31%
Ameriquedu Nord Port d'Espagne
31%
Océanie Port Moresby
31%
Afrique Praia
31%
Europe Pristina
31%
Afrique Rabat
31%
Amerique du Nord Sainte-Lucie
31%
Amerique du Nord Saint-Vincent-et-les-Grenadines
31%
Amerique du Nord Salvador
31%
Océanie Samoa
31%
Ameriquedu Nord San José
31%
AmeriqueDu Sud Santiago
31%
Afrique Sao Tomé
31%
Asie (sa capitale) Singapour
31%
Afrique Somalie
31%
Europe Stockholm
31%
Europe Suède
31%
Ameriquedu Sud Surinam
31%
Asie Syrie
31%
Europe Tallinn
31%
Afrique Tripoli
31%
Amerique du Nord Barbade
25%
Europe Biélorussie
25%
Asie Birmanie
25%
Asie Brunei
25%
Afrique Érythrée
25%
Asie Géorgie
25%
Afrique Harare
25%
Asie Israël
25%
Ameriquedu Nord La Havane
25%
Asie Laos
25%
Afrique Le Caire
25%
Afrique Lesotho
25%
Europe Lettonie
25%
Afrique Libreville
25%
Afrique Lilongwe
25%
AmeriqueDu Sud Lima
25%
Europe Lisbonne
25%
Europe Ljubljana
25%
Europe Londres
25%
Afrique Luanda
25%
Afrique Lusaka
25%
Europe Macédoine du Nord
25%
Ameriquedu Nord Managua
25%
Asie Manama
25%
Asie Manille
25%
Afrique Maroc
25%
Asie Mascat
25%
Afrique Mauritanie
25%
Afrique Mbabane
25%
Océanie Micronésie
25%
Europe Minsk
25%
Europe Moldavie
25%
Afrique Monrovia
25%
AmeriqueDu Sud Montevideo
25%
Afrique Moroni
25%
Europe Moscou
25%
Afrique Mozambique
25%
Océanie Nauru
25%
Asie Naypyidaw
25%
Afrique Ndjamena
25%
Océanie Ngerulmud
25%
Afrique Niamey
25%
Afrique Niger
25%
Afrique NIgeria
25%
Europe Norvège
25%
Océanie Nouvelle-Zélande
25%
Océanie Nuku'alofa
25%
Océanie Papouasie-Nouvelle-Guinée
25%
AmeriqueDu Sud Paramaribo
25%
Ameriquedu Sud Pérou
25%
Asie Philippines
25%
Afrique Porto Novo
25%
Europe Portugal
25%
Europe Prague
25%
Afrique Pretoria
25%
Asie Pyongyang
25%
Afrique République Centrafricaine
25%
Afrique République Démocratique du Congo
25%
Amerique du Nord République Dominicaine
25%
Afrique République du Congo
25%
Europe République Tchèque
25%
Afrique Rwanda
25%
Ameriquedu Nord Saint Domingue
25%
Océanie Salomon
25%
Afrique Sénégal
25%
Asie Séoul
25%
Europe Serbie
25%
Afrique Seychelles
25%
Afrique Sierra Leone
25%
Asie Singapour
25%
Europe Skopje
25%
Europe Slovaquie
25%
Europe Slovénie
25%
Europe Sofia
25%
Europe Suisse
25%
Asie Tachkent
25%
Asie Taïwan
25%
Afrique Tanzanie
25%
Océanie Tarawa Sud
25%
Asie Tbilissi
25%
Afrique Tchad
25%
Afrique Togo
25%
Océanie Tonga
25%
Amerique du Nord Trinité-et-Tobago
25%
Afrique Tunis
25%
Océanie Tuvalu
25%
Afrique Victoria
25%
Amerique du Nord Dominique
19%
Europe Liechtenstein
19%
Europe Lituanie
19%
Asie Malaisie
19%
Afrique Malawi
19%
Asie Maldives
19%
Asie Malé
19%
Afrique Maputo
19%
Afrique Maurice
19%
Afrique Mogadiscio
19%
Asie Mongolie
19%
Asie Népal
19%
Asie New Delhi
19%
Amerique du Nord Nicaragua
19%
Europe Nicosie
19%
Afrique Nouakchott
19%
Océanie Palikir
19%
Ameriquedu Sud Paraguay
19%
Europe Pays-Bas
19%
Asie Pékin
19%
Asie Phnom Penh
19%
Europe Podgorica
19%
Europe Pologne
19%
Afrique Port Louis
19%
Océanie Port Vila
19%
Europe Reykjavik
19%
Europe Riga
19%
Asie Riyad
19%
Europe Rome
19%
Ameriquedu Nord Roseau
19%
Europe Roumanie
19%
Europe Royaume-Uni
19%
Europe Russie
19%
Ameriquedu Nord Saint George's
19%
Ameriquedu Nord Saint John's
19%
Asie Sanaa
19%
Ameriquedu Nord San Salvador
19%
Europe Sarajevo
19%
Asie Sri Jayawardenapura Kotte
19%
Asie Sri Lanka
19%
AmeriqueDu Sud Sucre
19%
Asie Tadjikistan
19%
Asie Taipei
19%
Ameriquedu Nord Tegucigalpa
19%
Asie Téhéran
19%
Asie Thaïlande
19%
Asie Thimphou
19%
Asie Timor-Leste
19%
Europe Tirana
19%
Afrique Tunisie
19%
Asie Turkménistan
19%
Asie Turquie
19%
Afrique Ciudad de la Paz
13%
Europe Malte
13%
Europe Monténégro
13%
Asie Tokyo
13%
Aucun quiz correspondant
Distribution des résultats
% des personnes avec chaque résultat
Percentile par nombre de réponses
Votre historique - résultats
Vous n’avez pas pris ce quiz depuis la dernière actualisation